Biblioteca y Centro de Documentación

Función Pública (Registro nro. 9682)

Detalles MARC
000 -CABECERA
Longitud fija campo de control 01244nam a2200385 c 4500
001 - NÚMERO DE CONTROL
Número de control 9682
003 - IDENTIFICADOR DE NÚMERO DE CONTROL
Identificador del número de control ES-MaCES
005 - FECHA Y HORA DE LA ÚLTIMA TRANSACCIÓN
Fecha y hora de la última transacción 20141221122028.0
008 - CAMPO FIJO DE DESCRIPCIÓN FIJA--INFORMACIÓN GENERAL
Códigos de información de longitud fija   991108s1999 sp l 000 | spa d
017 ## - NÚMERO DE REGISTRO DE DERECHOS DE AUTOR Y DEPÓSITO LEGAL
Número de copyright o de depósito legal M 10588-1999
Agencia que asigna el número DL
020 ## - ISBN (INTERNATIONAL STANDARD BOOK NUMBER)
Número Internacional Normalizado para Libros (ISBN) 8447012077
035 ## - NÚMERO DE CONTROL DEL SISTEMA
Número de control del sistema CES19990016984m
040 ## - FUENTE DE CATALOGACIÓN
Centro catalogador de origen ES-MaCES
Lengua de catalogación spa
Centro transcriptor ES-MaCES
110 1# - ENCABEZAMIENTO PRINCIPAL--NOMBRE CORPORATIVO
Nombre de entidad corporativa o nombre de jurisdicción como elemento inicial España
Título de la obra Leyes, etc., de la Función Pública
9 (RLIN) 3097
245 10 - MENCIÓN DE TÍTULO
Título Función Pública
Resto del título : normas básicas
250 ## - MENCIÓN DE EDICIÓN
Mención de edición 4ª ed.
260 ## - PUBLICACIÓN, DISTRIBUCIÓN, ETC (PIE DE IMPRENTA)
Lugar de publicación, distribución, etc. Madrid
Nombre del editor, distribuidor, etc. Civitas
Fecha de publicación, distribución, etc. 1999
300 ## - DESCRIPCIÓN FÍSICA
Extensión 329 p.
Dimensiones 16 cm
490 1# - MENCIÓN DE SERIE
Mención de serie Biblioteca de legislación
Designación de volumen o secuencia 67. Serie menor
500 ## - NOTA GENERAL
Nota general Las tres primeras ediciones publicadas bajo el título "Leyes sobre la Función Pública"
500 ## - NOTA GENERAL
Nota general Índices
541 ## - NOTA DE LA FUENTE INMEDIANTE DE ADQUISICIÓN
Forma de adquisición Compra
650 #4 - ASIENTO SECUNDARIO DE MATERIA--TÉRMINO DE MATERIA
Término de materia o nombre geográfico como elemento inicial función pública
9 (RLIN) 27225
650 #4 - ASIENTO SECUNDARIO DE MATERIA--TÉRMINO DE MATERIA
Término de materia o nombre geográfico como elemento inicial España
9 (RLIN) 26964
650 #4 - ASIENTO SECUNDARIO DE MATERIA--TÉRMINO DE MATERIA
Término de materia o nombre geográfico como elemento inicial legislación
9 (RLIN) 27153
650 #4 - ASIENTO SECUNDARIO DE MATERIA--TÉRMINO DE MATERIA
Término de materia o nombre geográfico como elemento inicial texto
9 (RLIN) 29624
653 10 - TÉRMINO DE INDEXACIÓN--NO CONTROLADO
Término no controlado Legislación
740 02 - ENCABEZAMIENTO SECUNDARIO--TÍTULO ANALÍTICO/RELACIONADO NO CONTROLADO
Título relacionado o analítico no controlado Leyes sobre la Función Pública
775 0# - ENTRADA DE OTRA EDICIÓN
Título Leyes sobre la Función Pública
Número de control del registro relacionado (ES-MaCES)8211
830 #0 - ENCABEZAMIENTO SECUNDARIO DE COLECCIÓN--TÍTULO UNIFORME
Título uniforme Biblioteca de legislación
Designación de volumen o secuencia 67
9 (RLIN) 32132
830 #0 - ENCABEZAMIENTO SECUNDARIO DE COLECCIÓN--TÍTULO UNIFORME
Título uniforme Biblioteca de legislación
Nombre de parte o sección de la obra Serie menor
9 (RLIN) 32133
902 ## - CES. TIPO DE DOCUMENTO
Tipodoc (006$c Sirtex) LIB Libro
942 ## - ELEMENTOS KOHA
Fuente de clasificaión o esquema Clasificación propia del CES
Koha [por defecto] tipo de item Monografías
Parte de clasificación 6.1.
Existencias
Número de registro Signatura completa Tipo de item de Koha
032824 DPT-1191 Monografías
© CES, Consejo Económico y Social de España 2021